Responsabilidad civil por accidentes de automotores. Volumen 1 /
Guardado en:
| Autor Principal: | |
|---|---|
| Otros Autores: | |
| Formato: | Desconocido |
| Idioma: | Spanish |
| Publicado: |
Buenos Aires :
Hammurabi,
2008
|
| Edición: | 2a. ed. |
| Series: | Responsabilidad civil
|
| Materias: | |
| Etiquetas: |
Agregar Etiqueta
Sin Etiquetas, Sea el primero en etiquetar este registro!
|
| LEADER | 00649nac a22001935a 4500 | ||
|---|---|---|---|
| 001 | DER.der015572 | ||
| 008 | 251202s2008####ag#||||||||||||||#||spa|| | ||
| 005 | 20251202163605.0 | ||
| 245 | 1 | 0 | |a Responsabilidad civil por accidentes de automotores. |n Volumen 1 / |c Félix A. Trigo Represas , Rubén H. Compagnucci de Caso. |
| 250 | |a 2a. ed. | ||
| 260 | |a Buenos Aires : |b Hammurabi, |c 2008 | ||
| 300 | |a 548 p. | ||
| 490 | 1 | |a Responsabilidad civil | |
| 020 | |a 9789507413445 | ||
| 100 | 1 | |a Trigo Represas, Félix A. | |
| 700 | 1 | |a Compagnucci de Caso, Rubén H. | |
| 650 | 7 | |a DERECHO CIVIL | |
| 650 | 7 | |a DAÑOS | |
| 859 | |a DERECHO |b BIB. DERECHO |h 346.031 |i TRI |p 005680 |3 Vol. 1 | ||
